| 000 | 00347 a2200145 4500 | ||
|---|---|---|---|
| 003 | Nust | ||
| 005 | 20230404121538.0 | ||
| 040 | _cNust | ||
| 082 | _a388.1095491,PAK | ||
| 100 |
_aPakistan _944773 |
||
| 245 |
_aPakistan Highway Code / _cPakistan |
||
| 260 |
_aPakisatn Karachi _bMinistry of Communications |
||
| 300 | _a32p; | ||
| 942 |
_2ddc _cBK |
||
| 999 |
_c193938 _d193938 |
||